Central Library OPAC University of Rajshahi

Methuen's history of medieval and modern europe / (Record no. 24890)

MARC details
000 -LEADER
fixed length control field 00962nam a2200265 a 4500
001 - CONTROL NUMBER
control field 24890
003 - CONTROL NUMBER IDENTIFIER
rucl marc code BD-RjUL
005 - DATE AND TIME OF LATEST TRANSACTION
control field 20211209001118.0
008 - FIXED-LENGTH DATA ELEMENTS--GENERAL INFORMATION
fixed length control field 140315s19541951enkb 001 0 eng d
035 ## - SYSTEM CONTROL NUMBER
System control number (BD-RjUL)24959
040 ## - CATALOGING SOURCE
Original cataloging agency ITD
Transcribing agency ITD
Modifying agency BD-RjUL
Language of cataloging eng
041 ## - LANGUAGE CODE
Language code of text/sound track or separate title eng
082 00 - DEWEY DECIMAL CLASSIFICATION NUMBER
Classification number 940.22
Author mark and year REM V-7 1954
100 1# - MAIN ENTRY--PERSONAL NAME
Personal name Reddaway, William Fiddian,
Dates associated with a name 1872-1949.
9 (RLIN) 76595
245 12 - TITLE STATEMENT
Title Methuen's history of medieval and modern europe /
Number of part/section of a work Volume VII :
Name of part/section of a work A history of Europe from 1715 to 1814 by William Fiddian Reddaway.
250 ## - EDITION STATEMENT
Edition statement 4th ed., reprinted with seventeen maps
260 ## - PUBLICATION, DISTRIBUTION, ETC. (IMPRINT)
Place of publication, distribution, etc. London :
Name of publisher, distributor, etc. Methuen,
Date of publication, distribution, etc. 1951 [Reprinted 1954].
300 ## - PHYSICAL DESCRIPTION
Pagination xiii, 559 p :
Illustrations maps (part fold.) ;
Size 22 cm.
490 1# - SERIES STATEMENT
Series statement Methuen's history of medieval and modern Europe ;
Volume/sequential designation 7
504 ## - BIBLIOGRAPHY, ETC. NOTE
Bibliography, etc Includes index.
651 #0 - SUBJECT ADDED ENTRY--GEOGRAPHIC NAME
Geographic name Europe
General subdivision History
Chronological subdivision 17th century.
9 (RLIN) 45540
830 #0 - SERIES ADDED ENTRY--UNIFORM TITLE
Volume number/sequential designation 7
Uniform title Methuen's history of medieval and modern Europe ;
942 ## - ADDED ENTRY ELEMENTS (KOHA)
Source of classification or shelving scheme Dewey Decimal Classification
Koha item type Books
Holdings
Lost status Source of classification or shelving scheme Damaged status Not for loan Collection code Permanent Location Current Location Shelving location Date acquired Source of acquisition Cost, normal purchase price Total Checkouts Full call number Date last seen Copy number Koha item type
  Dewey Decimal Classification   Added to bundle Non-fiction Central Library, University of Rajshahi Central Library, University of Rajshahi Reading Room 20/09/1955 B. H. Blackwell 1.55   940.22 REM V-7 1954 15/03/2014 C-1 Books